Measuring prison performance: government privatization and accountability
| Beteiligte: | |
|---|---|
| Medienart: | Druck Buch |
| Sprache: | Englisch |
| Veröffentlicht: |
Walnut Creek, CA [u.a.]
Altamira Press
2004
|
| In: |
Violence prevention and policy series (2)
Jahr: 2004 |
| Bestand in Tübingen: | In Tübingen vorhanden. UB: KB 20 A 1151 |
| Verfügbarkeit prüfen: | HBZ Gateway |
| Subito Bestelldienst: | Jetzt bestellen. |
| Schlagwörter: |
MARC
| LEADER | 00000cam a2200000 c 4500 | ||
|---|---|---|---|
| 001 | 1185497498 | ||
| 003 | DE-627 | ||
| 005 | 20251225182659.0 | ||
| 007 | tu | ||
| 008 | 050120s2004 xx ||||| 00| ||eng c | ||
| 010 | |a 2004005396 | ||
| 020 | |a 0759105863 |c (hardcover : alk. paper) |9 0-7591-0586-3 | ||
| 020 | |a 0759105871 |c (pbk. : alk. paper) |9 0-7591-0587-1 | ||
| 035 | |a (DE-627)1185497498 | ||
| 035 | |a (DE-576)115497498 | ||
| 035 | |a (DE-599)BSZ115497498 | ||
| 035 | |a (OCoLC)54670460 | ||
| 040 | |a DE-627 |b ger |c DE-627 |e rakwb | ||
| 041 | |a eng | ||
| 050 | 0 | |a HV9469.M43 2004 | |
| 082 | 0 | |a 365.973068 | |
| 082 | 0 | |a 365/.973/068 | |
| 245 | 0 | 0 | |a Measuring prison performance |b government privatization and accountability |c Gerald G. Gaes, ... |
| 264 | 1 | |a Walnut Creek, CA [u.a.] |b Altamira Press |c 2004 | |
| 300 | |a XV, 223 S. | ||
| 336 | |a Text |b txt |2 rdacontent | ||
| 337 | |a ohne Hilfsmittel zu benutzen |b n |2 rdamedia | ||
| 338 | |a Band |b nc |2 rdacarrier | ||
| 490 | 1 | |a Violence prevention and policy series |v 2 | |
| 500 | |a Includes bibliographical references and index | ||
| 583 | 1 | |a Archivierung prüfen |c 20211112 |f DE-640 |z 3 |2 pdager | |
| 650 | 0 | |a Prisons |x United States | |
| 650 | 0 | |a Privatization |x United States | |
| 650 | 0 | |a Corrections |x Contracting out |x United States | |
| 689 | 0 | 0 | |d g |0 (DE-588)4078704-7 |0 (DE-627)106076612 |0 (DE-576)209209682 |a USA |2 gnd |
| 689 | 0 | 1 | |d s |0 (DE-588)4073137-6 |0 (DE-627)106093193 |0 (DE-576)209189517 |a Justizvollzugsanstalt |2 gnd |
| 689 | 0 | 2 | |d s |0 (DE-588)4047297-8 |0 (DE-627)104629444 |0 (DE-576)209073136 |a Privatisierung |2 gnd |
| 689 | 0 | |5 (DE-627) | |
| 700 | 1 | |a Gaes, Gerald G. |d 1947- |0 (DE-588)1146616120 |0 (DE-627)1005885613 |0 (DE-576)18873810X |4 oth | |
| 830 | 0 | |a Violence prevention and policy series |v 2 |9 2 |w (DE-627)1186434082 |w (DE-576)116434082 |7 am | |
| 951 | |a BO | ||
| ELC | |b 1 | ||
| LOK | |0 000 xxxxxcx a22 zn 4500 | ||
| LOK | |0 001 2451031948 | ||
| LOK | |0 003 DE-627 | ||
| LOK | |0 004 1185497498 | ||
| LOK | |0 005 20050411000000 | ||
| LOK | |0 008 050411||||||||||||||||ger||||||| | ||
| LOK | |0 040 |a DE-21 |c DE-627 |d DE-21 | ||
| LOK | |0 852 |a DE-21 | ||
| LOK | |0 852 1 |c KB 20 A 1151 |9 00 | ||
| LOK | |0 935 |a krim | ||
| LOK | |0 936ln |a k12.5 | ||
| LOK | |0 938 |l 11/04/05 |8 6 | ||
| LOK | |0 939 |a 11-04-05 |b l01 | ||
| ORI | |a SA-MARC-krimdoka001.raw | ||
| SIG | |a UB: KB 20 A 1151 | ||
